The 10 - Minute Life Coach (Record no. 22094)

MARC details
000 -LEADER
fixed length control field 00848nam a22003017a 4500
003 - CONTROL NUMBER IDENTIFIER
control field IBSLLIB
005 - DATE AND TIME OF LATEST TRANSACTION
control field 20260510055142.0
008 - FIXED-LENGTH DATA ELEMENTS--GENERAL INFORMATION
fixed length control field 260510b |||||||| |||| 00| 0 eng d
020 ## - INTERNATIONAL STANDARD BOOK NUMBER
International Standard Book Number 034082963X
040 ## - CATALOGING SOURCE
Original cataloging agency IBSLLIB
Language of cataloging English
041 ## - LANGUAGE CODE
Language code of original ENGLISH
082 ## - DEWEY DECIMAL CLASSIFICATION NUMBER
Classification number 158.1
Item number HAR
100 ## - MAIN ENTRY--PERSONAL NAME
Personal name Harrold , Fiona
245 ## - TITLE STATEMENT
Title The 10 - Minute Life Coach
Remainder of title Fast - working Strategies For a Brand New You
260 ## - PUBLICATION, DISTRIBUTION, ETC. (IMPRINT)
Place of publication, distribution, etc. London:
Name of publisher, distributor, etc. Hodder And Sroughton
Date of publication, distribution, etc. 2003
300 ## - PHYSICAL DESCRIPTION
Extent 196 P ;
Other physical details
Dimensions 19.5 cm
500 ## - GENERAL NOTE
General note Bestselling Author of Be Your own life Coach
650 ## - SUBJECT ADDED ENTRY--TOPICAL TERM
Topical term or geographic name as entry element Life Coach
653 ## - INDEX TERM--UNCONTROLLED
Uncontrolled term Self Help Reading
653 ## - INDEX TERM--UNCONTROLLED
Uncontrolled term Motivation
653 ## - INDEX TERM--UNCONTROLLED
Uncontrolled term Self Awareness
653 ## - INDEX TERM--UNCONTROLLED
Uncontrolled term Positive Thinking
653 ## - INDEX TERM--UNCONTROLLED
Uncontrolled term Decision Making
653 ## - INDEX TERM--UNCONTROLLED
Uncontrolled term Problem Solving
653 ## - INDEX TERM--UNCONTROLLED
Uncontrolled term life Coaching
653 ## - INDEX TERM--UNCONTROLLED
Uncontrolled term Personal development
942 ## - ADDED ENTRY ELEMENTS (KOHA)
Koha item type Lending Book
Holdings
Withdrawn status Lost status Damaged status Not for loan Collection code Permanent Location Current Location Shelving location Date acquired Source of acquisition Inventory number Full call number Barcode Koha item type Public note
        Lending Collection IBSL Library IBSL Library Lending Section 30/04/2026 Donation 10866 158.1 HAR 10866 Lending Book R 19
Copyright © 2024 IBSL Library, All rights reserved.
mail to: library@ibsl.lk | Contact: 0112425735 | Library Address: IBSL Library, 80A, Elvitigala Mawatha, Colombo 008